جاگتی آنکھوں کا خواب / (Record no. 191586)

MARC details
000 -LEADER
fixed length control field 00609nam a22001937a 4500
005 - DATE AND TIME OF LATEST TRANSACTION
control field 20220830115334.0
010 ## - LCCN (DPL NO)
LC control number UR-11686
020 ## - INTERNATIONAL STANDARD BOOK NUMBER
Terms of availability 200.00
035 ## - SYSTEM CONTROL NUMBER
System control number U-10241
037 ## - SOURCE OF ACQUISITION
Source of stock number/acquisition DBAD/PUB
Stock number -
082 ## - DEWEY DECIMAL CLASSIFICATION NUMBER
Classification number ک
100 ## - MAIN ENTRY--PERSONAL NAME
Personal name ابو الیث جاوید
245 ## - TITLE STATEMENT
Title جاگتی آنکھوں کا خواب /
Statement of responsibility, etc ابو الیث جاوید
246 ## - VARYING FORM OF TITLE
Title proper/short title Jagti Ankhon ka Khwab /
Remainder of title by Abul Lais Jawed
260 ## - PUBLICATION, DISTRIBUTION, ETC. (IMPRINT)
Place of publication, distribution, etc Delhi
Name of publisher, distributor, etc Auraaque Publications
Date of publication, distribution, etc 2013 ء
270 ## - ADDRESS
Address A-170, Ground Floor-3, Surya Apartment, Dilshad Colony
City Delhi
Postal code 110095
300 ## - PHYSICAL DESCRIPTION
Extent 168 ص
Dimensions 21cm(pbk)
942 ## - ADDED ENTRY ELEMENTS (KOHA)
Source of classification or shelving scheme Dewey Decimal Classification
Item type Urdu Bks
Classification part ک
Call number suffix ا ب و
Holdings
Withdrawn status Lost status Not for loan Collection code Home library Current library Date acquired Source of acquisition Cost, normal purchase price Full call number Barcode Copy number Cost, replacement price Koha item type
      Fiction Sarojini Nagar Sarojini Nagar 30/08/2022 DBAD/PUB 200.00 ک ا ب و U-10241 1 200.00 Urdu Bks

© Delhi Public Library
Hit Counter
free hit counter